01620nam a22003737a 4500003000500000005001700005008004100022010001000063011001000073035001000083040000900093090001000102100004500112245020500157260003900362300001100401502008800412590003700500590004100537590004100578590004100619590004200660650004400702650002700746650004800773650004700821901000700868942000900875949004300884949004800927999001700975952012600992952012801118CHAP20220329135759.0971013s1987 r 00010 d a41982 a42954 a47084 cCHAP aTesis00aEscobedo Avila, Mariano Andrés.937541 aAnálisis comparativo de márgenes de comercialización de frutas y hortalizas entre el mercado sobre ruedas de la Unidad habitacional ISSSTE y el mercado público San Antonio de Texcoco, México aChapingo, Méx. ; El autor,c1987 a102 h. aTesis (Ing. Agr. Esp. en Economía) -- UACH. Departamento de Economía Agrícola aALEPHb10c20130110lUCH01h1311 aBATCH-UPDb10c20130110lUCH01h2127 aBATCH-UPDb10c20130410lUCH01h1437 aBATCH-UPDb10c20130914lUCH01h1449 aCONVERSIONb10c20130109lUCH01h132314aFrutaxMercadeoxMéxico (Edo.)94364014aFrutaxPrecios.94364914aLegumbresxMercadeoxMéxico (Edo.)96574914aLegumbresxPreciosxMéxico (Edo.)965772 aBK cFOLL bBCcTESd-107131eTS1h19976i47084si bBCcTESd-107132eTS2fc.2h19977i47084si c41982d41982 00102local4053708TESISaBCbBCcPA_TESISd2019-12-31fTESISl0p-107132r2019-12-31 00:00:00tc.2w2019-12-31yTESIS 00102local4051708TESISaBCbBCcPA_TESISd2019-12-31fTESISl0oTesisp-107131r2019-12-31 00:00:00w2019-12-31yTESIS